[Event "Berlin Lichtenberger op 18th"]
[Site "Berlin"]
[Date "2019.08.21"]
[Round "5"]
[White "Bode, Jan Michael"]
[Black "Mueller, Joerg Rene"]
[Result "1-0"]
[WhiteElo "1841"]
[BlackElo "1590"]
[PlyCount "129"]
[EventDate "2019.08.17"]
[EventType "swiss"]
[EventRounds "9"]
[EventCountry "GER"]
[SourceTitle "EXT 2020"]
[Source "ChessBase"]
[SourceDate "2019.10.17"]
[SourceVersion "1"]
[SourceVersionDate "2019.10.17"]
[SourceQuality "1"]

1. d4 f5 2. Nf3 g6 3. Bf4 Bg7 4. e3 d6 5. Bc4 Nf6 6. Nbd2 d5 7. Bd3 0-0 8. Ne5 Nc6 9. Nxc6 bxc6 10. Nf3 Rb8 11. b3 Ne4 12. 0-0 Re8 13. c4 Kh8 14. Be5 c5 15. Bxg7+ Kxg7 16. Ne5 Bb7 17. Bxe4 fxe4 18. dxc5 dxc4 19. Nxc4 Ba6 20. Qc2 Bxc4 21. Qxc4 Qd3 22. Qd4+ Qxd4 23. exd4 Kf6 24. Rfe1 Kf5 25. Rad1 Rb4 26. f3 exf3 27. Re5+ Kf6 28. Rd5 fxg2 29. Kxg2 Ke6 30. Re5+ Kd7 31. Rd3 Rf8 32. a3 Rbb8 33. d5 Rf6 34. b4 a6 35. Rde3 Re8 36. Kg3 Rf5 37. Rxf5 gxf5 38. Kf4 Rf8 39. Re6 a5 40. b5 Rb8 41. a4 Rf8 42. Ra6 e5+ 43. dxe6+ Ke7 44. Rxa5 Kxe6 45. b6 cxb6 46. cxb6 Rb8 47. Rb5 Kd6 48. a5 Kc6 49. Rxf5 Rb7 50. h4 Rd7 51. h5 Kb7 52. Ke5 Ka6 53. Ke6 Rb7 54. Rf7 Rb8 55. Ra7+ Kb5 56. Kd6 Rc8 57. b7 Rb8 58. Kc7 Rxb7+ 59. Rxb7+ Kxa5 60. Kc6 h6 61. Kc5 Ka6 62. Rb1 Ka7 63. Kc6 Ka8 64. Kc7 Ka7 65. Ra1# 1-0

[Event "Berlin Lichtenberger op 17th"]
[Site "Berlin"]
[Date "2018.08.23"]
[Round "6"]
[White "Bode, Jan Michael"]
[Black "Jecht, Christian"]
[Result "0-1"]
[WhiteElo "1874"]
[BlackElo "1914"]
[PlyCount "88"]
[EventDate "2018.08.18"]
[EventType "swiss"]
[EventRounds "9"]
[EventCountry "GER"]
[SourceTitle "CBM 186 Extra"]
[Source "ChessBase"]
[SourceDate "2018.08.24"]
[SourceVersion "1"]
[SourceVersionDate "2018.08.24"]
[SourceQuality "1"]

1. d4 Nf6 2. Bf4 d5 3. e3 e6 4. Nf3 Nc6 5. c3 Bd6 6. Ne5 0-0 7. Nd2 Nd7 8. Nxc6 bxc6 9. Bg3 c5 10. Bd3 Re8 11. f4 f5 12. Nf3 Nf6 13. Bh4 cxd4 14. Nxd4 c5 15. Nf3 Be7 16. Ne5 Qb6 17. Qd2 Ne4 18. Bxe4 Bxh4+ 19. g3 Bf6 20. Bf3 Bxe5 21. fxe5 Rb8 22. Rb1 Qc7 23. 0-0 Ba6 24. Rfd1 Qxe5 25. b3 Red8 26. Kf2 Rd6 27. c4 d4 28. exd4 Qxd4+ 29. Qxd4 Rxd4 30. Rxd4 cxd4 31. Re1 Bc8 32. Re5 Kf7 33. Rc5 a6 34. Rc7+ Kf6 35. c5 e5 36. Rc6+ Ke7 37. Rb6 Rxb6 38. cxb6 e4 39. Bd1 Kd6 40. b4 Kc6 41. Bb3 Kxb6 42. Bd5 Kb5 43. g4 Kxb4 44. g5 Kc3 0-1

[Event "Schleswig Holstein-ch B 56th"]
[Site "Eckernfoerde"]
[Date "2001.04.??"]
[Round "3"]
[White "Spenner, Wolfgang"]
[Black "Bode, Jan Michael"]
[Result "0-1"]
[WhiteElo "1762"]
[BlackElo "1515"]
[PlyCount "120"]
[EventDate "2001.04.??"]
[EventType "swiss"]
[EventRounds "9"]
[EventCountry "GER"]
[SourceTitle "EXT 2004"]
[Source "ChessBase"]
[SourceDate "2003.11.25"]
[SourceVersion "1"]
[SourceVersionDate "2003.11.25"]
[SourceQuality "1"]

1. d4 Nf6 2. c4 e5 3. d5 Bc5 4. e3 d6 5. a3 a5 6. Nc3 0-0 7. Bd3 Qe8 8. Nge2 Nh5 9. Ng3 Nxg3 10. hxg3 f5 11. Bd2 Nd7 12. Qc2 e4 13. Nxe4 fxe4 14. Bxe4 h6 15. 0-0-0 Rxf2 16. Bh7+ Kh8 17. Bg6 Qe5 18. Qd3 Rxd2 19. Kxd2 Qxb2+ 20. Ke1 Qxa3 21. g4 Ne5 22. Qxa3 Bxa3 23. Bf5 Bxf5 24. gxf5 Nxc4 25. e4 Ne3 26. Rd3 Bc5 27. f6 Kg8 28. fxg7 Kxg7 29. Ke2 a4 30. Rxe3 Bxe3 31. Kxe3 b5 32. Rc1 Ra7 33. Kd3 a3 34. Kc3 a2 35. Ra1 Kf6 36. Kb2 Ke5 37. g4 Kxe4 38. Re1+ Kf4 39. Ka1 Kxg4 40. Rg1+ Kf5 41. Rh1 Ke5 42. Rh5+ Kd4 43. Rxh6 Kxd5 44. Rh5+ Kc6 45. Rh4 Ra4 46. Rh7 b4 47. Rh6 b3 48. Rh2 Kc5 49. Rb2 Rh4 50. Rxb3 Ra4 51. Rc3+ Kb6 52. Rb3+ Kc6 53. Rh3 d5 54. Rh2 Kb5 55. Rb2+ Kc5 56. Rc2+ Kd6 57. Rh2 d4 58. Rc2 c5 59. Rh2 Kd5 60. Rh4 d3 0-1